| 000 | 00732cam a22001935a 4500 | ||
|---|---|---|---|
| 001 | L158834 | ||
| 008 | 150804s1999 xxk f 000 0 eng d | ||
| 035 | _a(Sirsi) u158834 | ||
| 041 | 0 | _aeng | |
| 110 | 2 |
_aRoyal Institution of Chartered Surveyors _94900 |
|
| 245 | 0 | 4 | _aThe Royal Visit 29 July 1999 |
| 260 |
_aLondon _bRICS _c1999 |
||
| 520 | _aCommorative booklet of the visit by HM Queen Elizabeth II, Royal Patron of RICS on 24 July 1999 to celebrate the centenaries of RICS HQ building built in 1899 by architect Alfred Waterhouse and Lionheart. Includes Queen's address and photographs. | ||
| 650 | 2 | 4 | _a1999 ROYAL VISIT |
| 650 | 2 | 4 | _aLIONHEART |
| 651 | 4 | _aLondon | |
| 690 |
_aFacilities management _96240 |
||
| 942 | _n0 | ||
| 999 |
_c115531 _d115531 |
||